Statistics for Initials of Famous Writers

Click here to take the quiz!

General Stats

  • This quiz has been taken 12 times
  • The average score is 10 of 43

Answer Stats

HintAnswer% Correct
G. B. ShawGeorge Bernard
67%
R. L. StevensonRobert Louis
67%
Arthur C. ClarkeCharles
56%
F. Scott FitzgeraldFrancis
56%
H. G. WellsHerbert George
56%
W. B. YeatsWilliam Butler
56%
A. A. MilneAlan Alexander
44%
C. S. LewisClive Staples
44%
G. K. ChestertonGilbert Keith
44%
L. M. MontgomeryLucy Maud
33%
James T. FarrellThomas
33%
A. S. ByattAntonia Susan
22%
C. S. ForesterCecil Scott
22%
D. H. LawrenceDavid Herbert
22%
E. L. JamesErika Leonard
22%
J. D. SalingerJerome David
22%
J. K. RowlingJoanne Kathleen
22%
George R. R. MartinRaymond Richard
22%
R. L. StineRobert Lawrence
22%
T. S. EliotThomas Stearns
22%
B. F. SkinnerBurrhus Frederic
11%
E. Annie ProulxEdna
11%
E. E. CummingsEdward Estlin
11%
E. M. ForsterEdward Morgan
11%
E. B. WhiteElwyn Brooks
11%
H. P. LovecraftHoward Phillips
11%
J. B. PriestleyJohn Boynton
11%
J. R. R. TolkienJohn Ronald Reuel
11%
Philip K. DickKindred
11%
Ursula K. Le GuinKroeber
11%
L. Ron HubbardLafayette Ronald
11%
L. Frank BaumLyman
11%
Iain M. BanksMenzies
11%
J. D. RobbNora Roberts
11%
P. G. WodehousePelham Grenville
11%
Hunter S. ThompsonStockton
11%
S. E. HintonSusan Eloise
11%
Pearl S. BuckSydenstricker
11%
T. E. LawrenceThomas Edward
11%
Robert A. HeinleinAnson
0%
James M. CainMallahan
0%
M. Night ShyamalanManoj
0%
O. HenryWilliam Sydney Porter
0%

Score Distribution

Percentile by Number Answered

Percent of People with Each Score

Your Score History

You have not taken this quiz